MARC details
| 000 -CABECERA |
| campo de control de longitud fija |
03390nam a2200385 i 4500 |
| 001 - NÚMERO DE CONTROL |
| campo de control |
000017895 |
| 003 - IDENTIFICADOR DEL NÚMERO DE CONTROL |
| campo de control |
DO-SdBNP |
| 005 - FECHA Y HORA DE LA ÚLTIMA TRANSACCIÓN |
| campo de control |
20260224090006.0 |
| 007 - CAMPO FIJO DE DESCRIPCIÓN FÍSICA--INFORMACIÓN GENERAL |
| campo de control de longitud fija |
ta |
| 008 - DATOS DE LONGITUD FIJA--INFORMACIÓN GENERAL |
| campo de control de longitud fija |
100407s1974 dr 000 e spa d |
| 040 ## - FUENTE DE LA CATALOGACIÓN |
| Centro catalogador/agencia de origen |
DO-SdBNP |
| Lengua de catalogación |
spa |
| Centro/agencia transcriptor |
BNPHU |
| Normas de descripción |
rda |
| 041 ## - CÓDIGO DE LENGUA |
| Código de lengua del texto/banda sonora o título independiente |
spa |
| 082 #4 - NÚMERO DE LA CLASIFICACIÓN DECIMAL DEWEY |
| Número de clasificación |
RD864.42 |
| Número de documento/Ítem |
H519d |
| Número de edición |
22 |
| 100 1# - ENTRADA PRINCIPAL--NOMBRE DE PERSONA |
| Nombre de persona |
Henríquez Ureña, Pedro, |
| Fechas asociadas al nombre |
1884-1946 |
| Término indicativo de función/relación |
autor |
| Código de función/relación |
aut. |
| 9 (RLIN) |
1718 |
| 245 10 - MENCIÓN DE TÍTULO |
| Título |
De mi patria / |
| Mención de responsabilidad, etc. |
Pedro Henríquez Ureña ; selección, juicios, presentación y notas de Jorge Tena Reyes. |
| 264 ## - PRODUCCIÓN, PUBLICACIÓN, DISTRIBUCIÓN, FABRICACIÓN Y COPYRIGHT |
| Producción, publicación, distribución, fabricación y copyright |
Santo Domingo, República Dominicana : |
| Nombre del de productor, editor, distribuidor, fabricante |
Secretaría de Educación, |
| Fecha de producción, publicación, distribución, fabricación o copyright |
1974. |
| 300 ## - DESCRIPCIÓN FÍSICA |
| Extensión |
418 páginas ; |
| Dimensiones |
21 cm. |
| 336 ## - TIPO DE CONTENIDO |
| Término de tipo de contenido |
texto |
| Código de tipo de contenido |
txt |
| Fuente |
rdacontent |
| 337 ## - TIPO DE MEDIO |
| Nombre/término del tipo de medio |
sin mediación |
| Código del tipo de medio |
n |
| Fuente |
rdamedia |
| 338 ## - TIPO DE SOPORTE |
| Nombre/término del tipo de soporte |
volumen |
| Código del tipo de soporte |
nc |
| Fuente |
rdacarrier |
| 490 0# - MENCIÓN DE SERIE |
| Mención de serie |
Biblioteca Pedro Henríquez Ureña |
| Designación de volumen o secuencia |
3 |
| 500 ## - NOTA GENERAL |
| Nota general |
Incluye referencias bibliográficas y notas al pie de páginas |
| 504 ## - NOTA DE BIBLIOGRAFÍA, ETC. |
| Nota de bibliografía, etc. |
Bibliografía: páginas 385-387 |
| 505 0# - NOTA DE CONTENIDO CON FORMATO |
| Nota de contenido con formato |
I.- Presentación, juicios y notas / Jorge Tena Reyes -- II.- Dominicanidad de Pedro Henríquez Ureña / Emilio Rodríguez Demorizi -- III.- Ensayos : José Joaquín Pérez (1845-1900) -- La sociología de Hostos -- Gastón Fernando Deligne -- Vida intelectual de Santo Domingo -- Literatura dominicana -- Bibliografía literaria de Santo Domingo -- Reseña cultural -- Las literaturas iberoamericanas: La República Dominicana -- Palabras antillanas en el diccionario de la academia -- El enigma del aje -- El idioma español y la historia política en Santo Domingo -- La emancipación y primer período de la vida independiente en la isla de Santo Domingo -- Historia contemporánea de la isla de Santo Domingo -- IV.- Artículos : Virginia Elena Ortea -- Hostos -- La muerte de Santo Domingo -- Salomé Ureña de Henríquez -- García Godoy -- Apuntes sobre poetas de la Antillas -- Primer libro de escritores americanos -- Héroes de sacrificio -- Antologías dominicanas -- Casa de apostoles -- La Catedral. |
| 505 0# - NOTA DE CONTENIDO CON FORMATO |
| Nota de contenido con formato |
V.- Labor Nacionalista : La República Dominicana -- Hacienda y diplomacia -- Desalojo de los pueblos débiles --Memorandum sobre Santo Domingo -- El Dr. Henríquez en la Universidad de Minnesota -- My country This of thee (Mi país, es de tí) -- México y el panamericanismo -- VI.- Epistolario: Literatura histórica -- Sobre Deligne -- Un libro! Carta a Enríque AP. Henríquez -- Acerca de una obra de Flérida de Nolasco -- VII.- Varios: Breves nociones de filosofía -- Cultura antigua de Santo Domingo -- Palabras indígenas -- Página de historia -- Woss y Gil y los Pinos del Niágara -- Palabras del superintendente general de enseñanza, Dr. Pedro Henríquez Ureña, en la inauguración del mausoleo de Luisa Ozama Pellerano de Henríquez, 28 de marzo de 1933 -- La canción fugitiva -- Declaraciones de Pedro Henríquez Ureña en Puerto Rico, sobre nuestra literatura -- Lo agradece pero lo lamenta -- Palabras en la investidura de bachilleres... |
| 590 ## - NOTA LOCAL (RLIN) |
| Nota local |
Inventariado, 2020/VM |
| 600 10 - PUNTO DE ACCESO ADICIONAL DE MATERIA--NOMBRE DE PERSONA |
| Nombre de persona |
Henríquez Ureña, Pedro, |
| Fechas asociadas al nombre |
1884-1946 |
| Subdivisión general |
Crítica e interpretación |
| 9 (RLIN) |
1718 |
| 650 #4 - PUNTO DE ACCESO ADICIONAL DE MATERIA--TÉRMINO DE MATERIA |
| Término de materia o nombre geográfico como elemento de entrada |
Ensayos dominicanos |
| 9 (RLIN) |
65 |
| 650 #4 - PUNTO DE ACCESO ADICIONAL DE MATERIA--TÉRMINO DE MATERIA |
| Término de materia o nombre geográfico como elemento de entrada |
Intelectuales |
| Subdivisión geográfica |
República Dominicana |
| 9 (RLIN) |
1721 |
| 650 #4 - PUNTO DE ACCESO ADICIONAL DE MATERIA--TÉRMINO DE MATERIA |
| Término de materia o nombre geográfico como elemento de entrada |
Cultura |
| Subdivisión geográfica |
República Dominicana |
| 9 (RLIN) |
1983 |
| 650 #4 - PUNTO DE ACCESO ADICIONAL DE MATERIA--TÉRMINO DE MATERIA |
| Término de materia o nombre geográfico como elemento de entrada |
Literatura dominicana. |
| 9 (RLIN) |
67 |
| 700 1# - PUNTO DE ACCESO ADICIONAL--NOMBRE DE PERSONA |
| Nombre de persona |
Tena Reyes, Jorge, |
| Término indicativo de función/relación |
compilador |
| Código de función/relación |
comp. |
| 9 (RLIN) |
8252 |
| 910 ## - DATOS DE OPCIÓN DEL USUARIO (OCLC) |
| Datos de opción del usuario |
Validado. Control de calidad EMS |
| 942 ## - ELEMENTOS DE PUNTO DE ACCESO ADICIONAL (KOHA) |
| Fuente del sistema de clasificación o colocación |
Dewey Decimal Classification |
| Tipo de ítem Koha |
Libro |